00485 2200169 4500001002100000005001500021035002000036007000300056008004100059082001000100084001600110100001900126245006900145260003000214300005300244600001800297INLIS00000000000170320230828113519 a0010-0823000027ta230828 b 0 ind  a398.2 a398.2 GIB s0 aGibran Maulana1 aseri cerita rakyat bawang merah & bawang putih /cGibran Maulana aSurabaya :bcahaya agency a32 Halaman :bilustrasi berwarna ;c25 x 17,5 cm 4aCerita Rakyat